000 00406nam a22001697a 4500
005 20160613165051.0
008 160613b xxu||||| |||| 00| 0 eng d
020 _a023-063-843-0
041 _aeng
082 _b7300
100 _aMohan, Krishna & Banerji, Meera
_91822
245 _aDeveloping Communication Skills
260 _bMac Millan
300 _a384
650 _aManagement
_9241
942 _cBK
999 _c2561
_d2560